Marine (Scotland) Bill (Record no. 109847)
[ view plain ]
| 000 -LEADER | |
|---|---|
| fixed length control field | 01434cad a22002655a 4500 |
| 001 - CONTROL NUMBER | |
| control field | E148024 |
| 008 - FIXED-LENGTH DATA ELEMENTS--GENERAL INFORMATION | |
| fixed length control field | 090714e20090610xxkb f s000 0 eng d |
| 035 ## - SYSTEM CONTROL NUMBER | |
| System control number | (Sirsi) u148024 |
| 041 0# - LANGUAGE CODE | |
| Language code of text/sound track or separate title | eng |
| 050 04 - LIBRARY OF CONGRESS CALL NUMBER | |
| Classification number | 333.9164 $2 18 |
| 100 1# - MAIN ENTRY--PERSONAL NAME | |
| Personal name | Kenyon, Wendy |
| 245 00 - TITLE STATEMENT | |
| Title | Marine (Scotland) Bill |
| Medium | [electronic resource] |
| 260 ## - PUBLICATION, DISTRIBUTION, ETC. | |
| Place of publication, distribution, etc. | Edinburgh |
| Name of publisher, distributor, etc. | Scottish Parliament |
| Date of publication, distribution, etc. | 2009 |
| 490 #0 - SERIES STATEMENT | |
| Series statement | SPICe Briefing |
| Volume/sequential designation | (09/41) 10 June 2009 |
| 505 2# - FORMATTED CONTENTS NOTE | |
| Formatted contents note | Key points -- Current responsibilities in the marine environment -- Why legislation is needed -- Development of the Bill and the consultation -- The UK Marine and Coastal Access Bill -- Marine Scotland -- The Marine (Scotland) Bill -- Sources -- Related briefings |
| 520 ## - SUMMARY, ETC. | |
| Summary, etc. | Provides a background for the Marine (Scotland) Bill by looking at current responsibilities and boundaries related to the marine environment, as well as examining why new legislation is required. Gives details of the development of the Bill and discusses the provisions of the Bill, together with the view of stakeholders. |
| 521 ## - TARGET AUDIENCE NOTE | |
| Target audience note | Advanced |
| 590 ## - LOCAL NOTE (RLIN) | |
| Local note | KA |
| 651 #4 - SUBJECT ADDED ENTRY--GEOGRAPHIC NAME | |
| Geographic name | Scotland |
| Chronological subdivision | 1999- |
| 690 ## - LOCAL SUBJECT ADDED ENTRY--TOPICAL TERM (OCLC, RLIN) | |
| Topical term or geographic name as entry element | PROPERTY-RURAL AND NATURAL ASSETS-MARINE RESOURCES-MARINE RESOURCE MANAGEMENT |
| 700 1# - ADDED ENTRY--PERSONAL NAME | |
| Personal name | Rehfisch, Alan |
| 700 1# - ADDED ENTRY--PERSONAL NAME | |
| Personal name | Wright, Katherine |
| 856 40 - ELECTRONIC LOCATION AND ACCESS | |
| Uniform Resource Identifier | <a href="https://www.scottish.parliament.uk/business/research/date/index.htm">https://www.scottish.parliament.uk/business/research/date/index.htm</a> |
| Public note | View the briefing free of charge at www.scottish.parliament.uk... |
| 942 ## - ADDED ENTRY ELEMENTS (KOHA) | |
| Suppress in OPAC | 0 |
| Withdrawn status | Lost status | Source of classification or shelving scheme | Damaged status | Not for loan | Home library | Current library | Shelving location | Date acquired | Total Checkouts | Full call number | Barcode | Date last seen | Copy number | Price effective from | Koha item type |
|---|---|---|---|---|---|---|---|---|---|---|---|---|---|---|---|
| Dewey Decimal Classification | Virtual | Virtual | Online | 14/07/2009 | ONLINE PUBLICATION | 148024-2001 | 06/08/2019 | 1 | 06/08/2019 | Book |